[Event "HUN BAZ county-ch"]
[Site "Miskolc"]
[Date "1994.??.??"]
[Round "6"]
[White "Kiralyhazi, Zsolt"]
[Black "Turai, J."]
[Result "1-0"]
[WhiteElo "2110"]
[BlackElo "1980"]
[PlyCount "95"]
[EventDate "1994.??.??"]
[EventType "swiss"]
[EventRounds "9"]
[EventCountry "HUN"]
[SourceTitle "EXT 2004"]
[Source "ChessBase"]
[SourceDate "2003.11.25"]
[SourceVersion "1"]
[SourceVersionDate "2003.11.25"]
[SourceQuality "1"]

1. c4 e5 2. Nc3 Nf6 3. e4 Be7 4. g3 0-0 5. Bg2 d6 6. Nge2 h6 7. 0-0 Nc6 8. d3 Nh7 9. h3 f5 10. f4 fxe4 11. dxe4 exf4 12. Nxf4 Ne5 13. b3 Bg5 14. Be3 a6 15. Qd2 Qe8 16. Ncd5 Bd8 17. Rf2 Nf6 18. Nxf6+ Bxf6 19. Raf1 Be6 20. Nd5 Qd7 21. Nxf6+ Rxf6 22. Rxf6 gxf6 23. Bxh6 Bxh3 24. Rxf6 Kh7 25. Qg5 Rg8 26. Qh4 Qg4 27. Qxh3 Qxh3 28. Bxh3 Rxg3+ 29. Kh2 Ng4+ 30. Kxg3 Nxf6 31. Bg5 Nxe4+ 32. Kf4 Nc3 33. Bf5+ Kg7 34. a4 Kf7 35. Bd8 c6 36. Bh4 Ne2+ 37. Ke3 Nc1 38. Bc2 b5 39. Kd2 Nxb3+ 40. Bxb3 bxa4 41. Bxa4 c5 42. Bd8 Ke6 43. Bc6 Ke5 44. Ke3 Kf5 45. Bc7 Ke5 46. Bd7 a5 47. Bc6 Ke6 48. Ke4 1-0

[Event "HUN BAZ county-ch"]
[Site "Miskolc"]
[Date "1994.??.??"]
[Round "5"]
[White "Turai, J."]
[Black "Juhasz, Sandor"]
[Result "1-0"]
[WhiteElo "1980"]
[BlackElo "1980"]
[PlyCount "40"]
[EventDate "1994.??.??"]
[EventType "swiss"]
[EventRounds "9"]
[EventCountry "HUN"]
[SourceTitle "EXT 2004"]
[Source "ChessBase"]
[SourceDate "2003.11.25"]
[SourceVersion "1"]
[SourceVersionDate "2003.11.25"]
[SourceQuality "1"]

1. e4 c5 2. Nf3 Nc6 3. d4 cxd4 4. Nxd4 g6 5. Nc3 Bg7 6. Be3 Nf6 7. Bc4 Qa5 8. f3 Qb4 9. Bb3 Nxe4 10. Nxc6 Nxc3 11. Nxb4 Nxd1 12. Rxd1 Bxb2 13. Bd4 Bxd4 14. Rxd4 e6 15. Kf2 0-0 16. Rhd1 a5 17. Nd3 b5 18. a4 b4 19. Rd6 Rd8 20. Nc5 Kh8 1-0

[Event "HUN BAZ county-ch"]
[Site "Miskolc"]
[Date "1994.??.??"]
[Round "8"]
[White "Turai, J."]
[Black "Szilagyi, Zsolt"]
[Result "1-0"]
[WhiteElo "1980"]
[BlackElo "1785"]
[PlyCount "93"]
[EventDate "1994.??.??"]
[EventType "swiss"]
[EventRounds "9"]
[EventCountry "HUN"]
[SourceTitle "EXT 2004"]
[Source "ChessBase"]
[SourceDate "2003.11.25"]
[SourceVersion "1"]
[SourceVersionDate "2003.11.25"]
[SourceQuality "1"]

1. e4 e5 2. Nf3 Nc6 3. Bc4 Bc5 4. 0-0 Nf6 5. d3 d6 6. h3 Bd7 7. a3 h6 8. Nc3 0-0 9. Na4 Bb6 10. Nxb6 axb6 11. Nh2 Ne7 12. f4 exf4 13. Bxf4 Ng6 14. Bd2 Ne5 15. Bb3 Kh7 16. Qe1 Qe7 17. Qh4 Ng6 18. Qf2 Ne8 19. Rae1 Be6 20. Bc3 Bxb3 21. cxb3 Ne5 22. Qd2 Qe6 23. d4 Ng6 24. b4 Rd8 25. d5 Qe7 26. Nf3 Nf6 27. Qc2 Nd7 28. e5 dxe5 29. Nxe5 Ndxe5 30. Bxe5 Qd7 31. Qxc7 Nxe5 32. Qxe5 Qxd5 33. Qxd5 Rxd5 34. Re7 f6 35. Rxb7 Rd2 36. Rf2 Rd6 37. Re2 Kg6 38. Ree7 Rg8 39. a4 Rc8 40. Rxg7+ Kf5 41. a5 Rd1+ 42. Kh2 bxa5 43. bxa5 Ra1 44. b4 Rc4 45. Rg4 Rc8 46. Rb5+ Ke6 47. Rg6 1-0